| Tag |
First Indicator |
Second Indicator |
Subfields |
| LEADER |
00000cam a22000008i 4500 |
| 001 |
in00000299621 |
| 005 |
20151010154422.0 |
| 008 |
780911s1978 nyub b 00100deng |
| 010 |
|
|
|a 78064405
|
| 020 |
|
|
|a 0379162583 :
|c $6.50
|
| 035 |
|
|
|a (OCoLC)04490739
|
| 035 |
|
|
|9 ABJ2560AM
|
| 040 |
|
|
|a DLC
|c DLC
|d TXA
|d UtOrBLW
|
| 043 |
|
|
|a n-us-nc
|
| 049 |
|
|
|a TXAM
|c [1187992]
|
| 050 |
0 |
0 |
|a F254
|b .C47
|
| 082 |
0 |
|
|a 975.6/002/02
|
| 245 |
0 |
0 |
|a Chronology and documentary handbook of the State of North Carolina /
|c Robert I. Vexler, State editor; William F. Swindler, series editor.
|
| 264 |
|
1 |
|a Dobbs Ferry, N.Y. :
|b Oceana Publications,
|c 1978.
|
| 300 |
|
|
|a viii, 151 pages :
|b map ;
|c 24 cm.
|
| 336 |
|
|
|a text
|b txt
|2 rdacontent
|
| 337 |
|
|
|a unmediated
|b n
|2 rdamedia
|
| 338 |
|
|
|a volume
|b nc
|2 rdacarrier
|
| 490 |
1 |
|
|a Chronologies and documentary handbooks of the States ;
|v 33
|
| 500 |
|
|
|a Includes index.
|
| 504 |
|
|
|a Bibliography: page 147.
|
| 520 |
|
|
|a Includes a chronology of historical events from 1524 to 1977, a biographical directory of prominent citizens, an outline of the State constitution, and selected documents.
|
| 651 |
|
0 |
|a North Carolina
|x History
|x Chronology.
|
| 651 |
|
0 |
|a North Carolina
|v Biography.
|
| 651 |
|
0 |
|a North Carolina
|x History
|x Sources.
|
| 651 |
|
1 |
|a North Carolina
|x History.
|
| 700 |
1 |
|
|a Vexler, Robert I.
|
| 830 |
|
0 |
|a Chronologies and documentary handbooks of the States ;
|v v. 33.
|
| 999 |
|
|
|a MARS
|
| 999 |
f |
f |
|s 434ecf88-6f92-39f7-bbdf-3b830f797c8c
|i 86cf6a0c-5040-3792-ba60-0b5368fa53dc
|t 0
|
| 952 |
f |
f |
|p normal
|a Texas A&M University
|b College Station
|c Sterling C. Evans Library
|d Evans: Library Stacks
|t 0
|e F254 .C47
|h Library of Congress classification
|i unmediated -- volume
|m A14802282914
|
| 998 |
f |
f |
|a F254 .C47
|t 0
|l Evans: Library Stacks
|